MARC details
| 000 -LEADER |
| campo de control de longitud fija |
01222nam a2200289 i 4500 |
| 001 - NÚMERO DE CONTROL |
| campo de control |
C00084955c |
| 005 - FECHA Y HORA DE LA ÚLTIMA TRANSACCIÓN |
| campo de control |
20241029152752.0 |
| 007 - CAMPO FIJO DE DESCRIPCIÓN FÍSICA--INFORMACIÓN GENERAL |
| campo de control de longitud fija |
ta |
| 008 - DATOS DE LONGITUD FIJA--INFORMACIÓN GENERAL |
| campo de control de longitud fija |
231201s2016 sp a |000 0|spa d |
| 040 ## - FUENTE DE CATALOGACIÓN |
| Centro catalogador/agencia de origen |
M-RABA |
| Lengua de catalogación |
spa |
| Centro/agencia transcriptor |
M-RABA |
| 041 1# - CÓDIGO DE IDIOMA |
| Código de lengua del texto/banda sonora o título independiente |
spa |
| -- |
eng |
| 080 ## - NÚMERO DE LA CLASIFICACIÓN DECIMAL UNIVERSAL |
| Número de la Clasificación Decimal Universal |
72:574 |
| 080 ## - NÚMERO DE LA CLASIFICACIÓN DECIMAL UNIVERSAL |
| Número de la Clasificación Decimal Universal |
72.01 |
| 100 1# - ENTRADA PRINCIPAL--NOMBRE DE PERSONA |
| Nombre de persona |
Fernández Galiano, Luis A. ( |
| Fechas asociadas al nombre |
1950-) |
| 9 (RLIN) |
58037 |
| 245 10 - MENCIÓN DEL TÍTULO |
| Título |
Arquitectura y vida : |
| Resto del título |
anthropocene, fifteen theses / |
| Mención de responsabilidad, etc. |
Luis Fernández-Galiano. |
| 246 34 - FORMA VARIANTE DEL TITULO |
| Título propio/Titulo breve |
Arquitectura Viva : |
| Resto del título |
anthropocene |
| 300 ## - DESCRIPCIÓN FÍSICA |
| Extensión |
[32] p. : |
| Otras características físicas |
il. col., ; |
| Dimensiones |
30 cm. |
| 500 ## - NOTA GENERAL |
| Nota general |
Al inicio del texto: " ... Discurso de ingreso en la Real Academia de Bellas Artes de San Fernando, [pronunciado por Luis A. Fernández-Galiano], que tuvo lugar el 22 de enero de 2012 y se publicó entonces en la forma habitual de opúsculo ... Texto completo de la intervención que tuvo por título Arquitectura y Vida : El arte en mutación..." |
| 546 ## - NOTA DE IDIOMA |
| Nota de lengua/lenguaje |
Texto en español e inglés. |
| 650 #4 - PUNTO DE ACCESO ADICIONAL DE MATERIA--TÉRMINO DE MATERIA |
| Término de materia o nombre geográfico como elemento de entrada |
Arquitectura. |
| 9 (RLIN) |
42568 |
| 650 #4 - PUNTO DE ACCESO ADICIONAL DE MATERIA--TÉRMINO DE MATERIA |
| Término de materia o nombre geográfico como elemento de entrada |
Fotografía. |
| 9 (RLIN) |
14651 |
| 655 #4 - TERMINO DE INDIZACIÓN--GENERO/FORMA |
| Datos o término principal de género/forma |
Discursos académicos. |
| 9 (RLIN) |
54126 |
| 710 2# - ENTRADA AGREGADA--NOMBRE DE ENTIDAD CORPORATIVA |
| Nombre de entidad corporativa o nombre de jurisdicción como elemento de entrada |
Real Academia de Bellas Artes de San Fernando. |
| 9 (RLIN) |
75832 |
| 852 4# - LOCALIZACIÓN |
| Ubicación |
M-RABA |
| Número de control de estantería |
F-14292 |